| 000 | 00393nam a2200157Ia 4500 | ||
|---|---|---|---|
| 008 | 230312s9999||||xx |||||||||||||| ||und|| | ||
| 020 | _a81-265-3728-0 | ||
| 082 |
_a621.317 _bNIS-C |
||
| 100 | _aNise;Norman.S | ||
| 245 | 0 | _aControl Systems Engineering | |
| 260 |
_bWiley _aIndia _c2013 |
||
| 300 | _a926 | ||
| 546 | _aEng. | ||
| 650 |
_aEngineering _vControl Systems Engineering |
||
| 942 | _cBK | ||
| 999 |
_c8393 _d8393 |
||